Soybeans: Improvement, production, and uses
Sparad:
| Materialtyp: | Bok |
|---|---|
| Språk: | Undetermined |
| Publicerad: |
Wisconsin, USA
American Society of Agronomy, Inc
1973
|
| Ämnen: | |
| Taggar: |
Lägg till en tagg
Inga taggar, Lägg till första taggen!
|
| Thư viện lưu trữ: | Trung tâm Học liệu Trường Đại học Cần Thơ |
|---|
| LEADER | 00533nam a2200157Ia 4500 | ||
|---|---|---|---|
| 001 | CTU_38734 | ||
| 008 | 210402s9999 xx 000 0 und d | ||
| 082 | |a 633.34 | ||
| 082 | |b S731/C | ||
| 245 | 0 | |a Soybeans: Improvement, production, and uses | |
| 260 | |a Wisconsin, USA | ||
| 260 | |b American Society of Agronomy, Inc | ||
| 260 | |c 1973 | ||
| 650 | |a soybean,soybean - diseases and pests,soybean - genetics,soybean - planting,soybean - products | ||
| 904 | |i Liên, 990821 | ||
| 980 | |a Trung tâm Học liệu Trường Đại học Cần Thơ | ||